Indiana University mathematics journal
Αποθηκεύτηκε σε:
| Συγγραφή απο Οργανισμό/Αρχή: | |
|---|---|
| Μορφή: | Περιοδική έκδοση |
| Γλώσσα: | English |
| Δημοσίευση: |
Bloomington, IN. :
Indiana University,
1970-
|
| Θέματα: | |
| Ετικέτες: |
Προσθήκη ετικέτας
Δεν υπάρχουν, Καταχωρήστε ετικέτα πρώτοι!
|
MARC
| LEADER | 00000nas a2200000 i 4500 | ||
|---|---|---|---|
| 001 | 1/102642 | ||
| 008 | 000225c19709999 eng d | ||
| 022 | |a 00959057 | ||
| 035 | |l 10058164 | ||
| 040 | |a GR-MY-UA |b gre |e aacr | ||
| 041 | 0 | |a eng | |
| 082 | 0 | |a 510.5 | |
| 245 | 1 | 0 | |a Indiana University mathematics journal |h [περιοδικό] |
| 246 | 3 | 3 | |a Mathematics journal |
| 260 | |a Bloomington, IN. : |b Indiana University, |c 1970- | ||
| 300 | |a v.; |b ill.; |c 26 cm. | ||
| 310 | |a Monthly, 1970- | ||
| 650 | 0 | 0 | |a Mathematics |x Periodicals. |
| 710 | 0 | |a Indiana University |b Dept. of mathematics. | |
| 853 | |a INST |b SAMOS |c SER | ||
| 922 | |a 3ΕΛΗ |b 197001 |c ΤΜΗΜΑ ΜΑΘΗΜΑΤΙΚΩΝ |d ΚΑΟΥΦΜΑΝ | ||